| 000 | 00435nam a2200169Ia 4500 | ||
|---|---|---|---|
| 008 | 190425s9999 xx 000 0 und d | ||
| 100 | _aLacuesta, Sarge | ||
| 245 | _aArtist for Luis Katigbak/ | ||
| 245 | _cSarge Lacuesta | ||
| 260 | _bThe Philippine Star | ||
| 260 | _c2016 | ||
| 300 | _aFebruary 14 | ||
| 440 | _aThe Philippine Star | ||
| 650 | _aarts | ||
| 650 | _aLuis Katigbak -- 1974-2016 | ||
| 650 | _awritings -- essays | ||
| 999 |
_c361644 _d361644 |
||